Budkovce 800-ročné

Bibliographic Details
Main Author: Adamová, Mária (Author)
Format: Article
Language:Slovak
PhysicalDescription:Fotografie
ISSN:1339-357x
Subjects:

MARC

LEADER 00000nab a2200000 4500
001 vtls011998312
003 SK-MaSNL
005 20260305030807.0
008 201016|2020 xo |||| || ||00 0|slo
040 |e rda 
041 |a slo 
043 |a e-xo 
044 |a xo  |c SK 
072 7 |a 711.436  |x Vidiecke obce  |2 konspekt 
080 |a 93/94  |2 2011 
100 1 |a Adamová, Mária  |4 aut  |9 535586 
245 1 0 |a Budkovce 800-ročné  |c Mária Adamová 
300 |b Fotografie 
336 |a text  |b txt  |2 rdacontent 
337 |a bez média  |b n  |2 rdamedia 
338 |a zväzok  |b nc  |2 rdacarrier 
650 0 7 |a dejiny obcí  |2 SNKPH  |9 164834 
651 7 |a Michalovce (Slovensko)  |2 SNKPHgeo  |9 22487 
651 7 |a Budkovce (Slovensko)  |2 SNKPHgeo  |9 16796 
651 7 |a Michalovce (Slovensko : okres)  |2 SNKPHgeo  |9 19216 
773 0 |t Budkovčan  |g Roč. XXI, č. 3 (2020), s. 4  |x 1339-357x 
787 0 8 |i Rec.: 
999 |c 3313313  |d 3315243